[Event "Bykova Mem"]
[Site "Vladimir RUS"]
[Date "2004.12.18"]
[Round "11"]
[White "Dembo,Y"]
[Black "Shukurova,M"]
[Result "1/2-1/2"]
[WhiteElo "2396"]
[BlackElo "2281"]

1.e4 c5 2.Nf3 e6 3.d4 cxd4 4.Nxd4 a6 5.Nc3 Qc7 6.Be2 b5 7.O-O Bb7 8.a3 Nf6
9.Qd3 Nc6 10.Nxc6 Bxc6 11.f4 Bc5+ 12.Kh1 Qb7 13.Bf3 d6 14.b4 Bb6 15.Bb2 O-O
16.Rae1 Rad8 17.Nd1 e5 18.Qe2 Rfe8 19.fxe5 dxe5 20.Bc1 Rd6 21.Bg5 h6 22.Bxf6 Rxf6
23.Nc3 Bd4 24.Nd5 Bxd5 25.exd5 Bc3 26.Rd1 e4 27.d6 exf3 28.Qxe8+ Kh7 29.Rxf3 Rxf3
30.Qe2 Rf4 31.Qd3+  1/2-1/2

[Event "Bykova Mem"]
[Site "Vladimir RUS"]
[Date "2004.12.18"]
[Round "11"]
[White "Velikhanli,F"]
[Black "Kursova,M"]
[Result "1-0"]
[WhiteElo "2322"]
[BlackElo "2315"]

1.e4 c5 2.Nc3 e6 3.Nf3 a6 4.d4 cxd4 5.Nxd4 b5 6.Bd3 d6 7.O-O Nf6 8.a4 b4
9.Na2 e5 10.Nb3 Nc6 11.c3 bxc3 12.Nxc3 Be6 13.Bg5 Be7 14.Bxf6 Bxf6 15.Nd5 O-O
16.Bc4 Bg5 17.Nc1 Kh8 18.Ne2 f5 19.Nec3 fxe4 20.Nxe4 Bh6 21.Qd3 a5 22.b3 Bf5
23.Ndc3 Nd4 24.Bd5 Rb8 25.Rab1 Rb4 26.Qa6 Qc7 27.Rb2 Rd8 28.Re1 Bc8 29.Qd3 Bb7
30.h3 Qb8 31.Reb1 Qa8 32.Bxb7 Qxb7 33.Na2 Rb6 34.b4 d5 35.Nec3 Ne6 36.Nb5 Nf4
37.Qf1 axb4 38.Rxb4 d4 39.g3 Qf3 40.Nxd4 exd4 41.Rxb6 Ne2+ 42.Kh2 Rf8 43.Rb8 d3
44.Qg2 Qxg2+ 45.Kxg2 Kg8 46.Rxf8+ Kxf8 47.Rd1 d2 48.f4  1-0

[Event "4th NAO GM"]
[Site "Paris FRA"]
[Date "2004.12.21"]
[Round "7"]
[White "Maze,S"]
[Black "Marzolo,C"]
[Result "1-0"]
[WhiteElo "2464"]
[BlackElo "2437"]

1.e4 c5 2.Nf3 e6 3.d4 cxd4 4.Nxd4 a6 5.Nc3 b5 6.Bd3 Qb6 7.Nf3 Qc7 8.O-O Bb7
9.Re1 d6 10.Bg5 Nf6 11.a4 b4 12.Na2 d5 13.exd5 Nxd5 14.Be4 Be7 15.Bxe7 Qxe7
16.Qd4 Nc6 17.Qxg7 Qf6 18.Qxf6 Nxf6 19.Bxc6+ Bxc6 20.Nxb4 Bxf3 21.gxf3 Rb8
22.Nd3 Ke7 23.a5 Rhc8 24.c3 Nd5 25.Ra4 Rc7 26.Rh4 Nf6 27.Kf1 Rd8 28.Ne5 Rd5
29.Rc4 Rxc4 30.Nxc4 Rc5 31.b3 Rh5 32.Re5 Rxh2 33.Rc5 Nd5 34.Kg1 Rh3 35.Nd2 f5
36.b4 Rh6 37.b5 Rg6+ 38.Kf1 axb5 39.a6 Rg8 40.Rxb5 Ra8 41.Rb7+ Kd6 42.a7 Kc6
43.Rxh7 Kb6 44.Nc4+ Ka6 45.Ne3 Nxc3 46.Re7 Rxa7 47.Rxe6+ Kb5 48.Re5+ Kc6
49.Rxf5 Rg7 50.Ng4 Nd5 51.Kg2 Kd6 52.Kg3 Nc7 53.Ra5 Ne6 54.f4 Nd4 55.f5 Rg5
56.Ra6+ Ke7 57.Ra7+ Kd6 58.f6 Ke6 59.Kf4 Rd5 60.Ke4 Nc6 61.Re7+ Kd6 62.Re8 Rd4+  1-0

[Event "Open"]
[Site "Pamplona ESP"]
[Date "2004.12.23"]
[Round "3"]
[White "Fidalgo Fernandez,J"]
[Black "Ivanov,J"]
[Result "1-0"]
[WhiteElo "2140"]
[BlackElo "2395"]

1.e4 c5 2.Nf3 e6 3.d4 cxd4 4.Nxd4 a6 5.Nc3 b5 6.Bd3 Qb6 7.Nf3 Qc7 8.O-O Bb7
9.Re1 Ne7 10.a4 b4 11.Na2 Ng6 12.Bd2 Nc6 13.c3 Nge5 14.Nxe5 Nxe5 15.Bf1 b3
16.Nc1 d5 17.exd5 Bxd5 18.Bf4 Bd6 19.Bxe5 Bxe5 20.Qh5 Bxc3 21.Re2 Qb7 22.bxc3 b2
23.Rb1 bxc1=Q 24.Rxc1 O-O 25.c4 Rfc8 26.Rec2 Be4 27.Rc3 Qb4 28.Qe5 Bg6 29.c5 Qxa4
30.c6 Qe4 31.Qa5 Qf4 32.c7 Qd6 33.Rc6 Qf8 34.Rxa6 Be4 35.Rxa8 Bxa8 36.Ba6  1-0

[Event "Asian Juniors Girls"]
[Site "Bikaner IND"]
[Date "2004.12.25"]
[Round "5"]
[White "Nadig,K"]
[Black "Soumya,S"]
[Result "1/2-1/2"]
[WhiteElo "2182"]
[BlackElo "2137"]

1.e4 c5 2.Nf3 e6 3.d4 cxd4 4.Nxd4 a6 5.Nc3 Qc7 6.Bd3 Nf6 7.O-O Nc6 8.Nxc6 bxc6
9.Qe2 d5 10.f4 Bc5+ 11.Kh1 h5 12.exd5 cxd5 13.f5 Kf8 14.Bf4 Bd6 15.Bxd6+ Qxd6
16.fxe6 Bxe6 17.Qf3 Rb8 18.Qf4 Ke7 19.Qxd6+ Kxd6 20.Bxa6 Rxb2 21.Bd3 d4 22.Nb5+ Kc5
23.a4 Ra8 24.Nc7 Ra5 25.h3 Bd7 26.Bb5 Kd6 27.Bxd7 Kxc7 28.Bb5 Rxc2 29.Rad1 Ra8
30.Rxd4 Rd8 31.Rxd8 Kxd8 32.Ra1 Kc7 33.a5 Kb7 34.Rb1 Ka7 35.Bd3 Rc3 36.Be2 Ne4
37.Bf3 f5 38.Kg1 Rc5 39.Re1 Rxa5 40.Bxe4 fxe4 41.Rxe4 g5 42.Kf2 Kb6 43.Re6+ Kc7
44.Rh6 Ra2+ 45.Kg3 Ra3+ 46.Kf2 h4 47.Rg6 Rg3 48.Rf6 g4 49.hxg4 Rxg4 50.Kf3 Rg3+
51.Kf2 Rg4 52.Kf3 Rg3+ 53.Ke4  1/2-1/2

[Event "Asian Juniors Girls"]
[Site "Bikaner IND"]
[Date "2004.12.25"]
[Round "6"]
[White "Hoang Thi Bao Tram"]
[Black "Soumya,S"]
[Result "0-1"]
[WhiteElo "2217"]
[BlackElo "2137"]

1.e4 c5 2.Nf3 e6 3.d4 cxd4 4.Nxd4 a6 5.Nc3 Qc7 6.g3 Bb4 7.Ne2 Nc6 8.Bg2 Nf6
9.O-O Bc5 10.Bf4 Ne5 11.Bg5 b5 12.Bxf6 gxf6 13.Nf4 Bb7 14.h3 Ke7 15.Nh5 Rhg8
16.Kh2 Rac8 17.Qe2 Bd4 18.Rad1 Qc4 19.Qd2 Bxc3 20.bxc3 Qc7 21.f4 Nc4 22.Qd4 Rg6
23.Rd3 Rd8 24.Qf2 Rh6 25.Bf3 Bxe4 26.Bxe4 Rxh5 27.Rd4 Nd6 28.Bd3 h6 29.Rd1 Rc5
30.Bf1 Nf5 31.R4d2 Rxc3 32.Bd3 Nd6 33.Re2 Qc5 34.Qg2 Kf8 35.Rf1 Rc8 36.Ree1 Nf5
37.Qd2 Kg7 38.Rc1 Nd4 39.Rf2 Qd5 40.Qd1 f5 41.g4 Kh7 42.Qf1 Qc5 43.Qg2 Rxd3
44.Rg1 Rc3 45.g5 Rxc2 46.g6+ Kh8 47.gxf7  0-1

[Event "Czech Christmas"]
[Site "Litomysl CZE"]
[Date "2004.12.26"]
[Round "1"]
[White "Amberger,D"]
[Black "Votava,J"]
[Result "0-1"]
[WhiteElo "2100"]
[BlackElo "2505"]

1.e4 c5 2.Nf3 e6 3.d4 cxd4 4.Nxd4 a6 5.Nc3 b5 6.Bd3 d6 7.O-O Nf6 8.f4 Bb7
9.Qf3 Nbd7 10.a3 Nc5 11.g4 g6 12.f5 gxf5 13.gxf5 Rg8+ 14.Kh1 e5 15.Nde2 d5
16.exd5 Nxd5 17.Ne4 Nf6 18.N2c3 Rg4 19.Re1 Nfxe4 20.Nxe4 Qh4 21.Bg5 Rxe4  0-1

[Event "13th Donau Open"]
[Site "Aschach AUT"]
[Date "2004.12.28"]
[Round "4"]
[White "Mazi,L"]
[Black "Mayerhofer,P"]
[Result "1-0"]
[WhiteElo "2401"]
[BlackElo "2185"]

1.e4 c5 2.Nf3 e6 3.d4 cxd4 4.Nxd4 a6 5.Nc3 Qc7 6.g3 Bb4 7.Bd2 Nf6 8.Bg2 Nc6
9.Nxc6 dxc6 10.O-O Bc5 11.Na4 Ba7 12.c4 b5 13.e5 Nd7 14.Nc3 Bb7 15.Rc1 bxc4
16.Bf4 O-O 17.Ne4 Bc5 18.Rxc4 Be7 19.Nf6+ Bxf6 20.exf6 e5 21.fxg7 Rfd8 22.Be3 Nf6
23.Qc2 Rd6 24.Rh4 Kxg7 25.Bh6+ Kg8 26.Qf5 Nd7 27.Be4 Nf8 28.Qxe5 f6 29.Qh5 Rd7
30.Qg4+ Kh8 31.Qf5 Rf7 32.Bd2 Qe5 33.Qxe5 fxe5 34.Bc3  1-0

[Event "34th Rilton Cup"]
[Site "Stockholm SWE"]
[Date "2004.12.28"]
[Round "2"]
[White "Forsberg,V"]
[Black "Hayes,S"]
[Result "1/2-1/2"]
[WhiteElo "2137"]
[BlackElo "2048"]

1.e4 c5 2.Nf3 e6 3.d4 cxd4 4.Nxd4 a6 5.Nc3 Nc6 6.Be3 Nf6 7.Bd3 Bb4 8.O-O d5
9.exd5 exd5 10.Nce2 O-O 11.c3 Bd6 12.Nf3 Bg4 13.Ng3 Ne5 14.Be2 Nc4 15.Bc1 h6
16.b3 Nb6 17.Be3 Qc7 18.Qd3 Rad8 19.Bd4 Nbd7 20.h3 Be6 21.Nf5 Nc5 22.Qc2 Bxf5
23.Qxf5 Nce4 24.Bxf6 Nxf6 25.c4 Bc5 26.Rad1 Rfe8 27.Bd3 Re6 28.Nh2 Re5 29.Qf3 d4
30.Rfe1 Rde8 31.Rxe5 Rxe5 32.Ng4 Nxg4 33.hxg4 Qe7 34.g3  1/2-1/2

[Event "34th Rilton Cup"]
[Site "Stockholm SWE"]
[Date "2004.12.28"]
[Round "2"]
[White "Lohou,S"]
[Black "Isaksson,P"]
[Result "1-0"]
[WhiteElo "2167"]
[BlackElo "2072"]

1.e4 c5 2.Nf3 e6 3.d4 cxd4 4.Nxd4 a6 5.Nc3 Qc7 6.Bd3 Bc5 7.Nb3 Be7 8.O-O Nf6
9.f4 d6 10.Kh1 b6 11.Nd4 Nbd7 12.Bd2 Bb7 13.Qe2 O-O 14.Rae1 Nc5 15.b4 Nxd3
16.cxd3 Rac8 17.Rc1 Qb8 18.a4 Rfe8 19.Qf2 Nd7 20.f5 e5 21.Nc2 Ba8 22.Qg3 Nf6
23.Ne3 Nh5 24.Qf3 Nf4 25.Ng4 d5 26.Bxf4 exf4 27.f6 Bxb4 28.Nxd5 Bxd5 29.Nh6+ Kh8
30.fxg7+ Kxg7 31.Nf5+ Kf6 32.Qh5 Rxc1 33.Qh6+ Ke5 34.Qxf4+ Kf6 35.Qh6+ Ke5
36.Qf4+ Kf6 37.Qxc1 Ke6 38.exd5+ Kd7 39.Qc6+ Kd8 40.Qf6+ Kc8 41.Qxf7 Qe5
42.d6  1-0

[Event "Open A"]
[Site "Bethune FRA"]
[Date "2004.12.29"]
[Round "5"]
[White "Guez,F"]
[Black "Bratanov,Z"]
[Result "0-1"]
[WhiteElo "2196"]
[BlackElo "2448"]

1.e4 c5 2.Nf3 e6 3.d4 cxd4 4.Nxd4 a6 5.Nc3 b5 6.g4 Bb7 7.Bg2 h6 8.O-O d6
9.f4 g5 10.Qf3 Nd7 11.Qf2 Rh7 12.f5 e5 13.Nde2 Ngf6 14.h3 Rc8 15.Ng3 Qc7
16.a3 Nb6 17.Re1 Be7 18.Re2 Kf8 19.Nd1 d5 20.exd5 Nbxd5 21.Qe1 Nf4 22.Bxf4 exf4
23.Ne4 Bxe4 24.Bxe4 h5 25.Bf3 hxg4 26.hxg4 Rh3 27.Qf1 Bc5+ 28.Nf2 Rxf3  0-1

[Event "21st Open"]
[Site "Boeblinger GER"]
[Date "2004.12.30"]
[Round "8"]
[White "Menacher,M"]
[Black "Baldauf,Marc"]
[Result "1-0"]
[WhiteElo "2341"]
[BlackElo "2146"]

1.e4 c5 2.Nf3 e6 3.Nc3 a6 4.d4 cxd4 5.Nxd4 b5 6.Bd3 Qb6 7.Nf3 Nc6 8.O-O Qb8
9.a4 b4 10.Nb1 Bc5 11.Qe2 Nge7 12.Nbd2 Ng6 13.Nb3 Ba7 14.Be3 a5 15.Bb5 Nge5
16.Bf4 Nxf3+ 17.Qxf3 Qb6 18.Qg3 O-O 19.Bh6 g6 20.Bxf8 Kxf8 21.Rad1 Bb8 22.Qh4 Kg7
23.Kh1 Be5 24.Nd2 Bf6 25.Nc4 Qc5 26.Qg3 Ne5 27.Qe3 Qc7 28.Nd6 Ba6 29.Bxa6 Rxa6
30.Ne8+  1-0

[Event "Lidums Australian Open"]
[Site "Mount Buller AUS"]
[Date "2004.12.30"]
[Round "3"]
[White "Song,A"]
[Black "Dragicevic,Do"]
[Result "1/2-1/2"]
[WhiteElo "1838"]
[BlackElo "2104"]

1.e4 c5 2.Nf3 e6 3.Nc3 a6 4.d4 cxd4 5.Nxd4 Nc6 6.Be3 Qc7 7.Be2 Nf6 8.f3 b5
9.Nxc6 dxc6 10.Qd2 Bb4 11.a3 Ba5 12.b4 Bb6 13.a4 O-O 14.axb5 Rd8 15.Bd3 cxb5
16.Bxb6 Qxb6 17.Nxb5 Rb8 18.Na3 Qxb4 19.Qxb4 Rxb4 20.Kf2 Kf8 21.Rhb1 Rxb1
22.Nxb1 Bb7 23.Nd2 Nd7 24.Nb3 Rc8 25.Na5 Ba8 26.Nb3 Bb7 27.Na5  1/2-1/2

[Event "34th Rilton Cup"]
[Site "Stockholm SWE"]
[Date "2004.12.30"]
[Round "4"]
[White "Nyland,T"]
[Black "Lohou,S"]
[Result "0-1"]
[WhiteElo "2008"]
[BlackElo "2167"]

1.e4 c5 2.Nf3 e6 3.Nc3 a6 4.d4 cxd4 5.Nxd4 b5 6.Be2 Bb7 7.Bf3 d6 8.O-O Qc7
9.Be3 Nf6 10.a3 Nbd7 11.Qe2 Ne5 12.Rfd1 Be7 13.Nb3 O-O 14.Bf4 Nc4 15.Bc1 Rfc8
16.Nb1 Ne5 17.c3 d5 18.exd5 Nxf3+ 19.gxf3 Nxd5 20.Rd4 Bf6 21.Rg4 Ne7 22.Bf4 e5
23.Bg5 Bxg5 24.Rxg5 Ng6 25.Qe3 f6 26.Rg3 Nh4 27.Rh3 Ng6 28.N1d2 Rd8 29.Ne4 Qd7
30.Rg3 Qd1+ 31.Rxd1 Rxd1+ 32.Kg2 Nf4+ 33.Qxf4 exf4 34.Rg4 f5 35.Nec5 fxg4
36.Nxb7 h5 37.N3c5 Ra7 38.Na5 Re7 39.Ne4 Rxe4 40.fxe4 h4 41.h3 f3+ 42.Kh2 g3+
43.fxg3 Rd2+ 44.Kg1 hxg3 45.Nc4 Rd1+  0-1

[Event "GM"]
[Site "Augsburg GER"]
[Date "2005.01.01"]
[Round "6"]
[White "Van der Weide,K"]
[Black "Reiss,T"]
[Result "1-0"]
[WhiteElo "2457"]
[BlackElo "2430"]

1.e4 c5 2.Nf3 e6 3.d4 cxd4 4.Nxd4 a6 5.Nc3 d6 6.g4 b5 7.Bg2 Bb7 8.g5 Nd7
9.O-O Ne7 10.Re1 Nc6 11.a4 Nxd4 12.Qxd4 e5 13.Qd1 bxa4 14.Rxa4 Be7 15.Qh5 O-O
16.Nd5 Nc5 17.Ra3 Bxd5 18.exd5 g6 19.Qg4 f5 20.gxf6 Rxf6 21.Be3 Nd7 22.Rea1 Nb8
23.c4  1-0

[Event "Open A"]
[Site "Krakow POL"]
[Date "2005.01.02"]
[Round "6"]
[White "Di Paolo,R"]
[Black "Cyborowski,L"]
[Result "0-1"]
[WhiteElo "2323"]
[BlackElo "2564"]

1.e4 c5 2.Nf3 e6 3.d4 cxd4 4.Nxd4 a6 5.Nc3 b5 6.Be2 Bb7 7.O-O b4 8.Na4 Bxe4
9.Bf3 Nf6 10.Bg5 Bxf3 11.Qxf3 d5 12.Rfe1 Nbd7 13.Qh3 Rc8 14.Rad1 Be7 15.Rxe6 fxe6
16.Nxe6 Qa5 17.Nxg7+ Kf8 18.Bh6 Rg8 19.Re1 Rxg7 20.Bxg7+ Kxg7 21.Rxe7+ Kh8
22.Rxd7 Re8 23.g3 Qxa4  0-1

[Event "Open A"]
[Site "Krakow POL"]
[Date "2005.01.02"]
[Round "6"]
[White "Solodovnichenko,Y"]
[Black "Marszalek,Mac"]
[Result "1/2-1/2"]
[WhiteElo "2516"]
[BlackElo "2335"]

1.e4 c5 2.Nc3 e6 3.Nf3 a6 4.d4 cxd4 5.Nxd4 Qc7 6.Bd3 Nf6 7.Qe2 d6 8.O-O Be7
9.Kh1 O-O 10.f4 Nbd7 11.Bd2 b5 12.a4 b4 13.Na2 a5 14.c3 bxc3 15.Nxc3 Bb7
16.f5 e5 17.Ndb5 Qd8 18.Bc4 Nc5 19.Bd5 Bxd5 20.exd5 h6 21.Be3 Qc8 22.Rac1 Nb3
23.Rc2 Qb7 24.Qc4 Nc5 25.Bxc5 Rfc8 26.Ne4 Nxe4 27.Qxe4 Rxc5 28.Rxc5 dxc5
29.Qxe5 Bf6 30.Qe2 Rd8 31.d6 Qd5 32.Qc2 Qa2 33.Rd1 Qxb2 34.Qxc5 Qb3 35.Qd5 Qxa4
36.d7 Qf4 37.Qf3 Qb8 38.Qd3 a4 39.h3 Qf4 40.g3 Qf2 41.Rd2 Qc5 42.h4 Qb6 43.Kh2 Qb8
44.Re2 Bxh4 45.Re8+ Rxe8 46.dxe8=Q+ Qxe8 47.gxh4 Qe1 48.Kh3 Qh1+ 49.Kg3 Qg1+
50.Kf3 Qh1+ 51.Kg3  1/2-1/2

[Event "Czech Christmas"]
[Site "Litomysl CZE"]
[Date "2005.01.02"]
[Round "9"]
[White "Laznicka,V"]
[Black "Zawadzki,S"]
[Result "1-0"]
[WhiteElo "2478"]
[BlackElo "2398"]

1.e4 c5 2.Nf3 e6 3.d4 cxd4 4.Nxd4 a6 5.Nc3 b5 6.Bd3 Qb6 7.Nb3 Qc7 8.O-O Bb7
9.Qe2 Nf6 10.f4 b4 11.Nd1 d5 12.e5 Nfd7 13.Be3 Nc6 14.Nf2 Be7 15.Rae1 g6
16.Kh1 h5 17.Nh3 h4 18.Nd4 Nc5 19.Nf2 Na4 20.Rb1 Bc5 21.Nf3 Ne7 22.Ng4 h3
23.Nf6+ Kf8 24.g4 Bxe3 25.Qxe3 d4 26.Qxd4 Rd8 27.Qe3 Nc5 28.Be2 Kg7 29.Rfd1 Qc6
30.Kg1 a5 31.b3 Nd5 32.Nxd5 Rxd5 33.Rxd5 Qxd5 34.Rd1 Qe4 35.Qxe4 Nxe4 36.Rd7 Bd5
37.Re7 Ra8 38.Bd3 Nc3 39.Ng5 Rf8 40.Kf2 Nxa2 41.Nxh3 Nc3 42.Ra7 Ra8 43.Rxa8 Bxa8
44.Ng5 Bc6 45.h4 a4 46.bxa4 Bxa4 47.Ne4 Nd5 48.Nc5 Be8 49.Kf3 Ne7 50.Bc4 Bc6+
51.Ke3 Bd5 52.Bd3 f6 53.Kd4 Bf3 54.exf6+ Kxf6 55.Nd7+ Kg7 56.Ne5 Bd1 57.g5 Nd5
58.Nxg6 Bh5 59.Ne5 Nxf4 60.Be4 Ne2+ 61.Kc4 Nc3 62.Bc6 Nd1 63.Kxb4 Ne3 64.Be4  1-0

[Event "Czech Christmas"]
[Site "Litomysl CZE"]
[Date "2005.01.02"]
[Round "9"]
[White "Stehno,P"]
[Black "Votava,J"]
[Result "0-1"]
[WhiteElo "2326"]
[BlackElo "2505"]

1.e4 c5 2.Nf3 e6 3.d4 cxd4 4.Nxd4 a6 5.Nc3 Qc7 6.Bd3 Nc6 7.Nxc6 dxc6 8.O-O e5
9.f4 Nf6 10.f5 Bc5+ 11.Kh1 b5 12.Qe2 Bb7 13.a4 h5 14.Be3 Qb6 15.Nd1 Bxe3
16.Nxe3 h4 17.Rae1 O-O-O 18.axb5 axb5 19.Rf2 Qd4 20.Qf3 h3 21.b3 c5 22.Nd5 Bxd5
23.exd5 Ng4 24.Rfe2 hxg2+ 25.Rxg2 Nxh2 26.Rxh2 Rxh2+ 27.Kxh2 Qh4+ 28.Kg2 Qxe1
29.d6 e4 30.Bxe4 Rh8 31.d7+ Kd8  0-1

[Event "Michael Franett Mem"]
[Site "San Francisco USA"]
[Date "2005.01.02"]
[Round "1"]
[White "Batchimeg,T"]
[Black "De Guzman,R"]
[Result "0-1"]
[WhiteElo "2205"]
[BlackElo "2407"]

1.e4 c5 2.Nf3 e6 3.d4 cxd4 4.Nxd4 a6 5.Nc3 Qc7 6.Be3 Nf6 7.f3 b5 8.Qd2 Bb7
9.g4 h6 10.Nb3 Nc6 11.O-O-O Ne5 12.Be2 Nc4 13.Bxc4 bxc4 14.Nd4 Bb4 15.h4 Bxe4
16.fxe4 Nxe4 17.Qg2 Bxc3 18.Qxe4 d5 19.Qf3 Bb4 20.Bd2 Bc5 21.Bc3 O-O-O 22.Ne2 f6
23.Nf4 Rhe8 24.Rhe1 Qb6 25.g5 hxg5 26.hxg5 fxg5 27.Nh3 d4 28.Nxg5 dxc3 29.Qa8+ Kc7
30.Nxe6+ Qxe6 31.Qh1 Rxd1+ 32.Rxd1 cxb2+ 33.Kb1 c3 34.Qg2 Qe2 35.Qxg7+ Re7
36.Qg3+ Re5 37.Rh1 Qe3 38.Qh4 Qe4 39.Qh2 Kc6 40.Rd1 Qe2 41.Qh1+ Qe4 42.Qh8 Kb5
43.Qb8+ Bb6 44.Qd6 Re6 45.Qd7+ Qc6 46.Qd3+ Ka5 47.a3 Qc5 48.Rf1 Rd6 49.Qe4 Qxa3
50.Qe5+  0-1

[Event "HSK IM"]
[Site "Hamburg GER"]
[Date "2005.01.03"]
[Round "2"]
[White "Huschenbeth,N"]
[Black "Langrock,H"]
[Result "0-1"]
[WhiteElo "2118"]
[BlackElo "2402"]

1.e4 c5 2.Nf3 e6 3.Nc3 a6 4.d4 cxd4 5.Nxd4 b5 6.Bd3 Qb6 7.Be3 Bc5 8.Be2 Nc6
9.Nxc6 dxc6 10.Bxc5 Qxc5 11.Qd3 Nf6 12.O-O-O O-O 13.f4 e5 14.f5 a5 15.g4 a4
16.g5 Nd7 17.f6 b4 18.Nb1 Ba6 19.Qxd7 Bxe2 20.Rd6 b3 21.Nc3 Qe3+ 22.Kb1 bxc2+
23.Kxc2 Bf3 24.Rf1 Bxe4+ 25.Nxe4 Qxe4+ 26.Kd2 Rab8 27.b3 Qg2+ 28.Ke1 Rb4
29.Qf5 Re4+ 30.Kd1 Qe2+ 31.Kc1 axb3 32.axb3 Ra8 33.Rd2 Ra1+ 34.Kb2 Qxd2+
35.Kxa1 Qc3+ 36.Ka2 Re2+  0-1

[Event "Open A"]
[Site "Krakow POL"]
[Date "2005.01.03"]
[Round "8"]
[White "Czarnota,P"]
[Black "Marszalek,Mac"]
[Result "1-0"]
[WhiteElo "2416"]
[BlackElo "2335"]

1.e4 c5 2.Nf3 e6 3.d4 cxd4 4.Nxd4 a6 5.Nc3 Qc7 6.Be2 Nf6 7.O-O d6 8.a4 b6
9.f4 Bb7 10.Bf3 Nbd7 11.Qe1 e5 12.Nb3 g6 13.Be3 Be7 14.Rd1 exf4 15.Bxf4 O-O
16.Nd4 Ne5 17.Kh1 Rfe8 18.Qf2 Bf8 19.Qh4 Nxf3 20.gxf3 Nh5 21.Bg5 h6 22.Bc1 Kh7
23.Rg1 Rad8 24.Nf5 Re5 25.Ne3 Be7 26.Qf2 Nf4 27.Rg4 Nh3 28.Qg2 Rh5 29.Ned5 Qd7
30.Rg3 Ng5 31.Rg1 Re8 32.Bxg5 hxg5 33.Nxe7 Rxe7 34.Rxg5 Rxg5 35.Qxg5 Re5
36.Qf4 Qe7 37.Rg3 Rh5 38.Kg2 d5 39.exd5 Bxd5 40.Rh3 Rxh3 41.Kxh3 Be6+ 42.Kg2 Bf5
43.Ne4 Bxe4 44.Qxe4 Qg5+ 45.Kh3 Qg1 46.Qc4 Kg7 47.Qxa6 Qd4 48.Qb5 Qf6 49.Kg2 Qd4
50.b3 Qd2+ 51.Kg3 Qe1+ 52.Kh3 Qc3 53.Qd3 Qe5 54.Qe4 Qh5+ 55.Kg2 Qg5+ 56.Kf1 Qd2
57.h4 Qd1+ 58.Kf2 Qd2+ 59.Kg3 Qd6+ 60.Qf4 Qc5 61.Qd2 Kh7 62.Kg2 Qe7 63.Qd4 Qe2+
64.Qf2 Qe6 65.Kf1 Kg8 66.Qd4 Qh3+ 67.Ke2 Qh2+ 68.Kd3 Qc7 69.Kd2 Qc6 70.Kc1 Qe6
71.Kb2 Qc6 72.f4 Kh7 73.Qe5 Kg8 74.h5 gxh5 75.Qxh5 f6 76.a5 bxa5 77.Qxa5 Qd6
78.f5 Kg7 79.Qa7+ Kh8 80.Qe3 Kg7 81.c4 Qd7 82.Qf4 Qe7 83.Qg3+ Kf8 84.Kc3 Qa3
85.Qb8+ Kg7 86.Qb7+ Kh6 87.Qd5 Kg5 88.c5 Qa1+ 89.Kb4 Qa6 90.c6 Qb6+ 91.Kc4 Qa6+
92.Kc3 Qa7 93.b4 Qa3+ 94.Kc4 Qa2+ 95.Kc5 Qa7+ 96.Kd6 Qb6 97.Kd7  1-0

[Event "34th Rilton Cup"]
[Site "Stockholm SWE"]
[Date "2005.01.03"]
[Round "7"]
[White "Hedman,E"]
[Black "Haapasalo,JP"]
[Result "1-0"]
[WhiteElo "2320"]
[BlackElo "2182"]

1.e4 c5 2.Nf3 e6 3.d4 cxd4 4.Nxd4 a6 5.Nc3 Qc7 6.Bd3 Nf6 7.O-O Bc5 8.Nb3 Ba7
9.Kh1 d6 10.f4 O-O 11.Bd2 Bd7 12.Qe2 Bc6 13.e5 Nfd7 14.Rae1 dxe5 15.fxe5 Nc5
16.Nxc5 Bxc5 17.Rf4 g6 18.Rh4 Rd8 19.Bg5 Rd4 20.Rh3 Bf8 21.Rf1 Bg7 22.Bf6 h5
23.Rxh5 Bxf6 24.exf6 Rxd3 25.cxd3 gxh5 26.Qxh5 Nd7 27.Qh6 Nxf6 28.Qg5+ Kf8
29.Qxf6  1-0

[Event "HSK IM"]
[Site "Hamburg GER"]
[Date "2005.01.04"]
[Round "5"]
[White "Huschenbeth,N"]
[Black "Trisic,A"]
[Result "0-1"]
[WhiteElo "2118"]
[BlackElo "2295"]

1.e4 c5 2.Nc3 e6 3.Nf3 a6 4.d4 cxd4 5.Nxd4 Nc6 6.Be3 Qc7 7.Be2 Nf6 8.O-O d6
9.f4 Be7 10.Kh1 O-O 11.Qe1 Nxd4 12.Bxd4 b5 13.Bd3 Bb7 14.Qg3 b4 15.Nd1 g6
16.Nf2 Nh5 17.Qe3 e5 18.Bb6 Qc6 19.fxe5 dxe5 20.Ng4 Qe6 21.Be2 Nf4 22.Bf3 Rac8
23.c3 bxc3 24.bxc3 Rc4 25.Nf2 Qc6 26.Nd1 Ba8 27.Rf2 Ne6 28.Rc2 Rb8 29.Nb2 Rxe4
30.Bxe4 Qxe4 31.Re2 Qg4 32.Ba7 Rd8 33.Rg1 Nf4 34.Rd2 Rxd2 35.Qxd2 Ne2 36.Qd1 Qh5
37.Re1 Bf3 38.Qd7 Bh4 39.Rb1 Ng3+ 40.Kg1 Ne2+ 41.Kf1 Bg4 42.Qd3 Bf5 43.Qxe2 Qxe2+
44.Kxe2 Bxb1 45.a4 Be4 46.g3 Bd8 47.c4 Kf8 48.c5 Bc6 49.Bb6 Bg5 50.h4 Bh6
51.Nc4 Bxa4 52.Nxe5 f6 53.Ng4 Bg7 54.Ne3 Bc6 55.Kd3 Ke7 56.Nc2 f5 57.Nb4 Bb5+
58.Ke3 Be5 59.Kf3 Kd7 60.g4 Bc3 61.Nd5 Bc6 62.Kf4 Bxd5 63.gxf5 gxf5 64.Kxf5 Kc6
65.Kg5 a5 66.Kh6 Be4 67.Bxa5 Bxa5 68.Kg5 Kxc5 69.Kh6 Bd2+ 70.Kh5 Kd6 71.Kg4 Ke6
72.h5 h6 73.Kh4 Bg5+ 74.Kg4 Bf5+ 75.Kg3 Ke5 76.Kf3 Bf4 77.Kg2 Bg4 78.Kf2 Bxh5
79.Kg2 Bg4 80.Kf2 h5 81.Kg2 h4 82.Kf2 Ke4 83.Kg2 h3+ 84.Kf2 h2 85.Kg2 Bf3+
86.Kf2 Be3+ 87.Kg3 Bg1 88.Kh4 h1=Q+ 89.Kg5 Qh5+ 90.Kf6 Bd4+ 91.Ke7 Kd5 92.Kd7 Qf7+
93.Kc8 Kc6  0-1

[Event "Lidums Australian Open"]
[Site "Mount Buller AUS"]
[Date "2005.01.04"]
[Round "7"]
[White "Ly,M"]
[Black "Wei,M"]
[Result "0-1"]
[WhiteElo "2056"]
[BlackElo "2090"]

1.e4 c5 2.Nf3 e6 3.d4 cxd4 4.Nxd4 a6 5.Nc3 Qc7 6.Be2 Nf6 7.O-O d6 8.f4 Nbd7
9.a4 b6 10.Bf3 Bb7 11.Nb3 Be7 12.Be3 O-O 13.Qe1 Nc5 14.Bf2 Rfd8 15.a5 b5
16.e5 Nfd7 17.Nxc5 Nxc5 18.Bxb7 Qxb7 19.Bxc5 dxc5 20.Qe4 Qxe4 21.Nxe4 Rd4
22.Rfe1 Rad8 23.c3 Rd3 24.Re2 Kf8 25.Nf2 Rd2 26.Kf1 c4 27.Ke1 Rxe2+ 28.Kxe2 Ke8
29.Ne4 Rd5 30.Nd2 g5 31.g3 gxf4 32.gxf4 Rd3 33.Rg1 Kf8 34.Rg3 Rxg3 35.hxg3 Ke8
36.Kf3 h5 37.Ke4 Kd7 38.Nf3 Bd8 39.Kd4 Bxa5 40.Kc5 Bd8 41.Nd2 Kc7 42.Nf3 Be7+
43.Kd4 Kc6 44.Ke4 a5 45.Nd4+ Kc5 46.f5 exf5+ 47.Nxf5 Bf8 48.Nd4 Be7 49.Nf3 Bf8
50.Nd4 b4 51.e6 bxc3 52.bxc3 a4 53.exf7 Kd6 54.Nc2 Ke6 55.Kd4 Kxf7 56.Kxc4 Bd6
57.Nd4 Bxg3 58.Kb4 Bf2 59.Nf3 Kf6 60.Kxa4 Kf5 61.Kb3 Kf4 62.Nd2 Ke3 63.Kc2 Ke2
64.Ne4 h4 65.Ng5 Be3 66.Nh3 Kf1 67.Kd3 Bh6 68.c4 Kg2 69.Ke2 Kxh3 70.Kf2 Kh2  0-1

[Event "XI Open A"]
[Site "Bosnjaci CRO"]
[Date "2005.01.05"]
[Round "4"]
[White "Sedlak,N"]
[Black "Zivanic,M"]
[Result "1-0"]
[WhiteElo "2521"]
[BlackElo "2435"]

1.e4 c5 2.Nf3 e6 3.d4 cxd4 4.Nxd4 a6 5.Nc3 Qc7 6.Bd3 Nc6 7.Nxc6 dxc6 8.O-O e5
9.f4 Bd6 10.f5 Nf6 11.Kh1 b5 12.a4 Rb8 13.Qf3 h5 14.Bg5 h4 15.axb5 axb5 16.Bxf6 gxf6
17.h3 Bc5 18.Ne2 Bb7 19.c3 Ke7 20.b4 Bb6 21.c4 bxc4 22.Bxc4 Rbc8 23.Rac1 Qd7
24.Rfd1 Qe8 25.Qb3 Qf8 26.Bxf7  1-0

[Event "34th Rilton Cup"]
[Site "Stockholm SWE"]
[Date "2005.01.05"]
[Round "9"]
[White "Alquist,E"]
[Black "Horbing,S"]
[Result "1-0"]
[WhiteElo "2095"]
[BlackElo "2031"]

1.e4 c5 2.Nf3 e6 3.d4 cxd4 4.Nxd4 a6 5.Nc3 Qc7 6.Bd3 Nf6 7.O-O Nc6 8.Be3 Ne5
9.Nf3 Neg4 10.Bd2 Bc5 11.h3 h5 12.Qe2 Nxf2 13.Rxf2 Ng4 14.hxg4 hxg4 15.Be3 g3
16.Rff1 b5 17.Rfe1 Bb7 18.Bxc5 Qxc5+ 19.Qe3 Qh5 20.Kf1 f5 21.Ke2  1-0

[Event "GM"]
[Site "Augsburg GER"]
[Date "2005.01.06"]
[Round "11"]
[White "Rogers,I"]
[Black "Wolfsteiner,H"]
[Result "1-0"]
[WhiteElo "2593"]
[BlackElo "2352"]

1.e4 c5 2.Nc3 e6 3.Nf3 a6 4.d4 cxd4 5.Nxd4 Qc7 6.Be2 Nc6 7.O-O Nf6 8.Be3 Bb4
9.Na4 Bd6 10.g3 Rb8 11.c4 b6 12.Nc3 Be7 13.Rc1 O-O 14.Nd5 exd5 15.cxd5 Bc5
16.dxc6 Nxe4 17.Bf3 Re8 18.Re1 d5 19.Bf4 Bd6 20.Bxe4 dxe4 21.Nb5  1-0

[Event "GM"]
[Site "Augsburg GER"]
[Date "2005.01.06"]
[Round "11"]
[White "Bromberger,S"]
[Black "Reiss,T"]
[Result "1-0"]
[WhiteElo "2440"]
[BlackElo "2430"]

1.e4 c5 2.Nf3 e6 3.d4 cxd4 4.Nxd4 a6 5.Nc3 Qc7 6.Bd3 Nf6 7.O-O d6 8.Qe2 Nbd7
9.Bd2 g6 10.Kh1 Bg7 11.f4 O-O 12.Nf3 e5 13.Qf2 exf4 14.Bxf4 b5 15.Rae1 Bb7
16.Qh4 Rfe8 17.a3 Ne5 18.Bg5 Nfd7 19.Nxe5 Nxe5 20.Re3 h5 21.Rg3 Nxd3 22.cxd3 Be5
23.Rgf3 f5 24.Bf6 Rf8 25.Bxe5 dxe5 26.Rg3  1-0

[Event "Michael Franett Mem"]
[Site "San Francisco USA"]
[Date "2005.01.06"]
[Round "5"]
[White "Stein,Alex"]
[Black "De Guzman,R"]
[Result "1-0"]
[WhiteElo "2362"]
[BlackElo "2407"]

1.e4 c5 2.Nf3 e6 3.Nc3 a6 4.d4 cxd4 5.Nxd4 Qc7 6.Bd3 Nf6 7.Bg5 Nc6 8.Nxc6 bxc6
9.Qf3 Be7 10.O-O O-O 11.Rae1 e5 12.Qe2 d6 13.f4 h6 14.fxe5 hxg5 15.exf6 Bxf6
16.Rxf6 gxf6 17.Qh5 Qb6+ 18.Kf1 Qd4 19.e5 Qf4+ 20.Kg1 f5 21.g3 Qd2 22.Re2 Qc1+
23.Kf2 Re8 24.exd6 Be6 25.Re3 g4 26.Qg5+ Kh7 27.Bxf5+ Bxf5 28.Qxf5+ Kg7 29.Ne4  1-0

[Event "Lidums Australian Open"]
[Site "Mount Buller AUS"]
[Date "2005.01.07"]
[Round "9"]
[White "Guthrie,A"]
[Black "Humphrey,J"]
[Result "1-0"]
[WhiteElo "2170"]
[BlackElo "2152"]

1.e4 c5 2.Nf3 e6 3.d4 cxd4 4.Nxd4 a6 5.Nc3 b5 6.g3 Bb7 7.Bg2 b4 8.Na4 Nf6
9.O-O Bxe4 10.Bxe4 Nxe4 11.Re1 d5 12.c4 bxc3 13.Nxc3 Nxc3 14.Qh5 Ne4 15.Nxe6 Qb6
16.Nc7+ Qxc7 17.Qxd5 Ra7 18.Qxe4+ Be7 19.Be3 f5 20.Qe6  1-0